| Tag |
First Indicator |
Second Indicator |
Subfields |
| LEADER |
00000cam a2200000 4500 |
| 001 |
in00000055206 |
| 005 |
20151008052204.0 |
| 008 |
770829s1951 enk 00000 eng |
| 010 |
|
|
|a 52002105
|
| 035 |
|
|
|a (OCoLC)03227301
|
| 035 |
|
|
|9 AAH2126AM
|
| 040 |
|
|
|a DLC
|c TJC
|d TXA
|d UtOrBLW
|
| 049 |
|
|
|a TXAM
|c [339783]
|
| 050 |
|
0 |
|a HN385.H57
|b M6 1951
|
| 082 |
0 |
|
|a 331.8
|
| 092 |
|
|
|a 331.8
|b M877f, 1951
|
| 100 |
1 |
|
|a Morris, Max,
|d 1913-2008.
|
| 245 |
1 |
0 |
|a From Cobbett to the Chartists, 1815-1848 ;
|b extracts from contemporary sources.
|
| 250 |
|
|
|a [2d ed.].
|
| 264 |
|
1 |
|a London :
|b Lawrence & Wishart,
|c [1951]
|
| 300 |
|
|
|a 257 pages ;
|c 19 cm.
|
| 336 |
|
|
|a text
|b txt
|2 rdacontent
|
| 337 |
|
|
|a unmediated
|b n
|2 rdamedia
|
| 338 |
|
|
|a volume
|b nc
|2 rdacarrier
|
| 490 |
0 |
|
|a History in the making. Nineteenth century, v. 1
|
| 650 |
|
0 |
|a Chartism.
|
| 650 |
|
0 |
|a Working class
|z Great Britain.
|
| 651 |
|
0 |
|a Great Britain
|x Social conditions.
|
| 650 |
|
0 |
|a Labor movement
|z Great Britain.
|
| 650 |
|
0 |
|a Labor
|z Great Britain.
|
| 999 |
|
|
|a MARS
|
| 999 |
f |
f |
|s d322fa61-5c36-32cd-a0fc-1a4107f5a275
|i 268389fe-f215-3d60-a247-38eaa89c8915
|t 0
|
| 952 |
f |
f |
|p ric
|a Texas A&M University
|b Rellis Campus
|c Joint Library Facility
|d Remote Storage
|t 0
|e HN385.H57 M6 1951
|h Library of Congress classification
|i unmediated -- volume
|m A14800721328
|
| 998 |
f |
f |
|a HN385.H57 M6 1951
|t 0
|l Remote Storage
|